The left-handed designer /

Saved in:
Bibliographic Details
Main Author: Chwast, Seymour
Other Authors: Heller, Steven
Format: Book
Language:English
Published: New York : Abrams : Push Pin Editions, 1985.
Subjects:
LEADER 01010cam a2200277 a 4500
001 c000298272
003 CARM
005 20090603184330.0
008 850212s1985 nyua b 000 0 eng
019 1 |a 3947745  |z 48880590  |5 LACONCORD2021 
020 |a 0810912899 :  |c US 40.00 
020 |z 0810912849 
035 |a (OCoLC)11840351  |5 LACONCORD2021 
050 0 0 |a NC999.4.C48  |b A4 1985 
082 0 0 |a 741.6  |2 19 
100 1 |a Chwast, Seymour. 
245 1 4 |a The left-handed designer /  |c by Seymour Chwast ; edited by Steven Heller. 
260 |a New York :  |b Abrams : Push Pin Editions,  |c 1985. 
300 |a 143 p. :  |b ill. (some col.) ;  |c 27 cm. 
504 |a Bibliography: p. 9. 
600 1 0 |a Chwast, Seymour. 
650 0 |a Graphic arts  |x Technique. 
700 1 0 |a Heller, Steven. 
852 8 |b CARM  |h A3:AE17D0  |i E02083  |p 0540084  |f BK 
999 f f |i 9f75c276-cd53-522d-ab50-943c0c430334  |s 17012ca5-b8d8-5293-b97c-15ea3e3379de 
952 f f |p Can circulate  |a CAVAL  |b CAVAL  |c CAVAL  |d CARM 1 Store  |e E02083  |f A3:AE17D0  |h Other scheme  |i book  |m 0540084